000 00583nam a22002057a 4500
003 URS
005 20250828100451.0
008 250331b ||||| |||| 00| 0 eng d
040 _cURS
050 _aLC5219
_b.A89 1979
100 _911928
_aBrown, M. Alan
245 _aAttracting Able Instructors of Adults
264 _aSan Francisco
_bJossey-Bass
_c©1979
336 _2rdacontent
_atext
337 _2rdamedia
_aunmediated
338 _2rdacarrier
_avolume
650 0 _911929
_aAdult Education Teachers
_xRecruiting.
700 _911930
_aCopeland, Harlan G.
942 _2lcc
_cCR
999 _c84665
_d84663